Motivation of Foreign Investors for Disinvestment in Host Countries
Teoretické pozadie dezinvestícií. Vývoj dezinvestovania v krajinách OECD. Faktory a determinanty dezinvestovania.
Enregistré dans:
| Auteur principal: | |
|---|---|
| Format: | Chapitre de livre |
| Langue: | anglais |
| Sujets: | |
| Tags: |
Pas de tags, Soyez le premier à ajouter un tag!
|
MARC
| LEADER | 00000naa$a2200000$$$4500 | ||
|---|---|---|---|
| 001 | 0248574 | ||
| 005 | 20240604111123.1 | ||
| 041 | 0 | |a eng | |
| 044 | |a CZ | ||
| 245 | 1 | 0 | |a Motivation of Foreign Investors for Disinvestment in Host Countries |c Ľubomír Darmo |
| 520 | |a Teoretické pozadie dezinvestícií. Vývoj dezinvestovania v krajinách OECD. Faktory a determinanty dezinvestovania. | ||
| 610 | 2 | 0 | |a investície priame zahraničné |
| 610 | 2 | 0 | |a investície |
| 610 | 2 | 0 | |a investori |
| 610 | 2 | 0 | |a investovanie |
| 610 | 2 | 0 | |a motivácia |
| 610 | 2 | 0 | |a OECD |
| 610 | 2 | 0 | |a podnik medzinárodný |
| 100 | 1 | |a Darmo, Ľubomír, 1984- | |